| 000 | 00447 a2200169 4500 | ||
|---|---|---|---|
| 005 | 20260413100648.0 | ||
| 008 | 260413b |||||||| |||| 00| 0 eng d | ||
| 020 | _a9789357327091 | ||
| 080 |
_aFM _bMAD/M |
||
| 100 | _aMadhusankar, Meenakshi | ||
| 245 | _aMarippazhi(മരിപ്പാഴി) | ||
| 250 | _a2nd | ||
| 260 |
_bD C books. _aKottayam. _c2024. |
||
| 300 | _a336p. | ||
| 653 | _aFiction-Novel-Malayalam Literature | ||
| 942 | _cOO | ||
| 999 |
_c115277 _d115276 |
||